• 首页
  • 本馆介绍
  • 公告通知
  • 最新文献
  • 馆藏检索
  • 电子资源
  • 读者导购
  • 参考咨询
  • 我的图书馆
  • 登录
  • 详细信息显示
  • 放入我的书架
  • 预约/预借图书
  • 作者相关作品
  • 分类相关作品
  • 丛书相关作品
  • 出版社相关作品

书目信息

  • 表格格式
  • 工作单格式
  • 卡片格式
题名:
Excel人力资源管理实战宝典
    
 
作者: 刘必麟 著
分册:  
出版信息: 北京   电子工业出版社  2020
页数: 233页
开本: 24cm
丛书名:
单 册:
中图分类: F243-39 , F243
科图分类:
主题词: 表处理软件--应用--人力资源管理
电子资源:
ISBN: 978-7-121-39634-2
000 00796nam0 2200229 450
001 2371216074
005 20231128194709.35
010    @a978-7-121-39634-2@dCNY79.00
100    @a20201129d2020 em y0chiy50 ea
101 0  @achi
102    @aCN@b110000
105    @aa z 000yy
200 1  @aExcel人力资源管理实战宝典@AExcel ren li zi yuan guan li shi zhan bao dian@f刘必麟著
210    @a北京@c电子工业出版社@d2020
215    @a233页@c图@d24cm
330    @a本书共分7章,涵盖了人力资源管理中的招聘管理、培训管理、员工关系管理、绩效管理、考勤与假期管理、薪酬与福利管理以及人力资源规划中的人员调度等模块。
606 0  @a表处理软件@x应用@x人力资源管理
690    @aF243-39@v5
690    @aF243@v4
701  0 @a刘必麟@Aliu bi lin@4著
801  0 @aCN@b山东中教@c20231126
905    @aBZT@dF243@e30
    
    Excel人力资源管理实战宝典/刘必麟著.-北京:电子工业出版社,2020
    233页:图;24cm
    
    
    ISBN 978-7-121-39634-2:CNY79.00
    本书共分7章,涵盖了人力资源管理中的招聘管理、培训管理、员工关系管理、绩效管理、考勤与假期管理、薪酬与福利管理以及人力资源规划中的人员调度等模块。
●
相关链接 在五车中查询图书 在当当中查询图书 在豆瓣中查询图书


正题名:Excel人力资源管理实战宝典     索取号:F243/30         预约/预借

序号 登录号 条形码 馆藏地/架位号 状态 备注
1 2001180883   2001180883   中教(第二批第二书库)/山东中教(第二批)/1809/ [索取号:F243/30] 在馆    
2 2001180884   2001180884   中教(第二批第二书库)/山东中教(第二批)/1809/ [索取号:F243/30] 在馆    
3 2001180885   2001180885   中教(第二批第二书库)/山东中教(第二批)/1809/ [索取号:F243/30] 在馆    
4 2001180886   2001180886   中教(第二批第二书库)/山东中教(第二批)/1809/ [索取号:F243/30] 在馆    
5 2001180887   2001180887   中教(第二批第二书库)/山东中教(第二批)/1809/ [索取号:F243/30] 在馆    
6 2001180888   2001180888   中教(第二批第二书库)/山东中教(第二批)/1809/ [索取号:F243/30] 在馆    
7 2001180889   2001180889   中教(第二批第二书库)/山东中教(第二批)/1809/ [索取号:F243/30] 在馆    
8 2001180890   2001180890   中教(第二批第二书库)/山东中教(第二批)/1809/ [索取号:F243/30] 在馆    
9 2001180891   2001180891   中教(第二批第二书库)/山东中教(第二批)/1809/ [索取号:F243/30] 在馆    
10 2001180892   2001180892   中教(第二批第二书库)/山东中教(第二批)/1809/ [索取号:F243/30] 在馆    
11 2001180893   2001180893   中教(第二批第二书库)/山东中教(第二批)/1809/ [索取号:F243/30] 在馆    
12 2001180894   2001180894   中教(第二批第二书库)/山东中教(第二批)/1809/ [索取号:F243/30] 在馆    
13 2001180895   2001180895   中教(第二批第二书库)/山东中教(第二批)/1809/ [索取号:F243/30] 在馆    
14 2001180896   2001180896   中教(第二批第二书库)/山东中教(第二批)/1809/ [索取号:F243/30] 在馆    
15 2001180897   2001180897   中教(第二批第二书库)/山东中教(第二批)/1809/ [索取号:F243/30] 在馆    
16 2001180898   2001180898   中教(第二批第二书库)/山东中教(第二批)/1809/ [索取号:F243/30] 在馆    
17 2001180899   2001180899   中教(第二批第二书库)/山东中教(第二批)/1809/ [索取号:F243/30] 在馆    
18 2001180900   2001180900   中教(第二批第二书库)/山东中教(第二批)/1809/ [索取号:F243/30] 在馆    
19 2001180901   2001180901   中教(第二批第二书库)/山东中教(第二批)/1809/ [索取号:F243/30] 在馆    
20 2001180902   2001180902   中教(第二批第二书库)/山东中教(第二批)/1809/ [索取号:F243/30] 在馆    
21 2001180903   2001180903   中教(第二批第二书库)/山东中教(第二批)/1809/ [索取号:F243/30] 在馆    
22 2001180904   2001180904   中教(第二批第二书库)/山东中教(第二批)/1809/ [索取号:F243/30] 在馆    
23 2001180905   2001180905   中教(第二批第二书库)/山东中教(第二批)/1809/ [索取号:F243/30] 在馆    
24 2001180906   2001180906   中教(第二批第二书库)/山东中教(第二批)/1809/ [索取号:F243/30] 在馆    
25 2001180907   2001180907   中教(第二批第二书库)/山东中教(第二批)/1809/ [索取号:F243/30] 在馆    
26 2001180908   2001180908   中教(第二批第二书库)/山东中教(第二批)/1809/ [索取号:F243/30] 在馆    
27 2001180909   2001180909   中教(第二批第二书库)/山东中教(第二批)/1809/ [索取号:F243/30] 在馆    
28 2001180910   2001180910   中教(第二批第二书库)/山东中教(第二批)/1809/ [索取号:F243/30] 在馆    
29 2001180911   2001180911   中教(第二批第二书库)/山东中教(第二批)/1809/ [索取号:F243/30] 在馆    
30 2001180912   2001180912   中教(第二批第二书库)/山东中教(第二批)/1809/ [索取号:F243/30] 在馆    
山东省滨州职业学院图书馆 欢迎您!
大连网信软件有限公司© 版权所有